| 000 | 00975nam a22002175i 4500 | ||
|---|---|---|---|
| 001 | 162661 | ||
| 003 | ES-MaACL | ||
| 005 | 20230906212556.0 | ||
| 008 | 961016s1899 sp |||| | spa d | ||
| 040 |
_aCLM _bspa _cCLM |
||
| 080 | _a628.1.034.3(460.287)"19" | ||
| 100 | 1 |
_aXaudaró, Celso. _9150454 |
|
| 245 | 1 | 0 |
_aProyecto de pantano y riegos del Bullaque _b: Ciudad Real : Memoria / _c[por Celso Xaudaró]. |
| 260 |
_aBarcelona : _b[s.n.], _c1899 ( _fTipolitografia de Luis Tasso) |
||
| 300 |
_a70 p.,[1]h. de map. pleg. ; _c36 cm. |
||
| 594 | _aEl autor en anotación manuscrita y al final del texto. | ||
| 595 | _aSegún consta en port. son 3 v. : 1º. Memoria -- 2º. Presupuesto -- 3º Planos. Este sería el primero. | ||
| 597 | _aAnteport. | ||
| 650 | 4 |
_aAgua- _xAbastecimiento agrícola- _zEspaña. _9149414 |
|
| 852 |
_aES-MaACL _jT-992-F-8 _z-- Enc. hol., conservando la cub. original _z-- Sello de José Rubaudonadeu Corcelles _z-- Enc. en un vol. facticio |
||
| 999 |
_c162661 _d162661 |
||